Spojování obalů lepením: Přímé lepení

Základné pojmy v procese lepenia materiálov. Hlavné typy lepidiel v obalovej technike. Spôsoby nanášania lepidiel a podmienky lepenia. Aplikácia lepidiel u jednotlivých typov obalov.

Guardado en:
Detalles Bibliográficos
Autor principal: Vítek, Miloslav
Formato: Capítulo de libro
Lenguaje:checo
Materias:
Etiquetas: Agregar Etiqueta
Sin Etiquetas, Sea el primero en etiquetar este registro!

MARC

LEADER 00000naa a2200000 4500
001 0204811
005 20231211081033.0
041 0 |a cze 
044 |a CZ 
245 1 0 |a Spojování obalů lepením: Přímé lepení  |c Miloslav Vítek 
520 |a Základné pojmy v procese lepenia materiálov. Hlavné typy lepidiel v obalovej technike. Spôsoby nanášania lepidiel a podmienky lepenia. Aplikácia lepidiel u jednotlivých typov obalov. 
610 2 0 |a obaly 
610 2 0 |a balenie 
610 2 0 |a technika obalová 
610 2 0 |a papier 
610 2 0 |a stroje 
100 1 |a Vítek, Miloslav